[Event "ONJK 2017 E"]
[Site "Borne"]
[Date "2017.08.07"]
[Round "1.1"]
[White "Zheng, Mandy"]
[Black "He, Canzhou"]
[Result "0-1"]
[WhiteElo "765"]
[BlackElo "1519"]
[PlyCount "116"]
[EventDate "2017.08.??"]

1. e4 c5 2. Nf3 d6 3. Nc3 Nc6 4. Bb5 Bd7 5. O-O Nf6 6. d3 g6 7. Bg5 Bg7 8. Re1
O-O 9. Qd2 a6 10. Ba4 b5 11. Bb3 Bg4 12. Qe3 Bxf3 13. Qxf3 Nd4 14. Qe3 a5 15.
a4 b4 16. Ne2 Nxb3 17. cxb3 Ng4 18. Qd2 Ne5 19. Nf4 h6 20. Bh4 g5 21. Bxg5 hxg5
22. Nd5 e6 23. Ne3 Qf6 24. f3 Ng6 25. Rab1 Nf4 26. Ng4 Qd4+ 27. Qe3 Qxe3+ 28.
Rxe3 Bd4 29. Kf1 Bxe3 30. Nxe3 d5 31. exd5 exd5 32. Rd1 Rfe8 33. Nf5 Re6 34. d4
cxd4 35. Nxd4 Re3 36. Kf2 Rae8 37. Rd2 Rd3 38. Rxd3 Nxd3+ 39. Kg3 Nxb2 40. Nc6
Nxa4 41. Nxb4 axb4 42. Kg4 Nc5 43. Kxg5 Ne4+ 44. fxe4 Rxe4 45. Kf6 d4 46. Kf5
d3 47. Kxe4 d2 48. Kd5 d1=Q+ 49. Kc5 Qxb3 50. Kd6 Qc4 51. Ke7 Qd5 52. Ke8 b3
53. Ke7 b2 54. Kf6 b1=B 55. Ke7 Kg7 56. Ke8 Qd6 57. h4 Bc2 58. g4 Ba4# 0-1

[Event "ONJK 2017 E"]
[Site "Borne"]
[Date "2017.08.07"]
[Round "1.2"]
[White "Pick, Max"]
[Black "Tangarife Ramirez, Katja"]
[Result "1-0"]
[WhiteElo "1462"]
[BlackElo "750"]
[PlyCount "37"]
[EventDate "2017.08.??"]

1. Nf3 Nf6 2. e3 e6 3. c4 d6 4. d4 Nbd7 5. Nc3 Be7 6. Bd3 e5 7. b3 O-O 8. O-O
b6 9. Bb2 c5 10. dxe5 dxe5 11. Ne4 Qc7 12. Qc2 Bd6 13. Rad1 Bb7 14. Nxd6 Qxd6
15. Bxh7+ Nxh7 16. Rxd6 Rad8 17. Rfd1 Nhf6 18. Ng5 Rfe8 19. h3 1-0

[Event "ONJK 2017 E"]
[Site "Borne"]
[Date "2017.08.07"]
[Round "1.3"]
[White "Wieggers, Wouter"]
[Black "Cappan, Pjotr"]
[Result "0-1"]
[WhiteElo "747"]
[BlackElo "1389"]
[PlyCount "54"]
[EventDate "2017.08.??"]

1. d4 d5 2. c4 c6 3. Nc3 Nf6 4. Bg5 Bf5 5. e3 e6 6. Nf3 Bd6 7. Bd3 Bg6 8. Ne5
Bxd3 9. Qxd3 O-O 10. Ng4 Nbd7 11. h4 Be7 12. h5 Nxg4 13. Bxe7 Qxe7 14. f3 dxc4
15. Qe4 Ndf6 16. Qf4 e5 17. Ne4 exf4 18. fxg4 Qxe4 19. O-O-O Qxe3+ 20. Kb1 c3
21. g5 Ne4 22. h6 Qf2 23. bxc3 Nxc3+ 24. Kc1 Nxa2+ 25. Kb1 Nb4 26. hxg7 Qc2+
27. Ka1 Qa2# 0-1

[Event "ONJK 2017 E"]
[Site "Borne"]
[Date "2017.08.08"]
[Round "2.1"]
[White "He, Canzhou"]
[Black "Maris, Lauri"]
[Result "1-0"]
[WhiteElo "1519"]
[BlackElo "1183"]
[PlyCount "119"]
[EventDate "2017.08.??"]

1. e4 e5 2. Nf3 Nc6 3. Bc4 Bc5 4. c3 d6 5. d4 exd4 6. cxd4 Bb4+ 7. Bd2 Bxd2+ 8.
Nbxd2 Bg4 9. h3 Bh5 10. d5 Ne5 11. Qa4+ c6 12. Nxe5 dxe5 13. dxc6 bxc6 14.
Qxc6+ Kf8 15. Qc5+ Qe7 16. Qxe7+ Kxe7 17. O-O Nf6 18. f3 Rac8 19. Rac1 Rhd8 20.
Nb3 Nd7 21. h4 f6 22. Ba6 Rxc1 23. Rxc1 Bf7 24. Na5 Rb8 25. Nc6+ Kd6 26. Nxb8
Nxb8 27. Bc4 Be8 28. Bd5 Na6 29. Rc8 Bd7 30. Ra8 f5 31. Rxa7 Nb4 32. a3 Nd3 33.
b4 Nf4 34. a4 Ne2+ 35. Kf2 Nc3 36. b5 Nxb5 37. Rxd7+ Kxd7 38. axb5 fxe4 39.
Bxe4 g6 40. b6 Kc8 41. Kg3 h6 42. Bxg6 Kb7 43. Kg4 Kxb6 44. Kf5 Kc6 45. Kxe5
Kd7 46. f4 Ke7 47. f5 Kf8 48. Ke6 h5 49. f6 Kg8 50. f7+ Kf8 51. Bxh5 Kg7 52. g4
Kf8 53. g5 Kg7 54. Ke7 Kh7 55. g6+ Kh6 56. f8=Q+ Kxh5 57. Qf4 Kxg6 58. Qg5+ Kh7
59. Kf7 Kh8 60. Qg7# 1-0

[Event "ONJK 2017 E"]
[Site "Borne"]
[Date "2017.08.08"]
[Round "2.2"]
[White "Jansma, Dennis"]
[Black "Pick, Max"]
[Result "0-1"]
[WhiteElo "1016"]
[BlackElo "1462"]
[PlyCount "86"]
[EventDate "2017.08.??"]

1. e4 e6 2. d3 c5 3. Nf3 d5 4. Nbd2 Nc6 5. g3 b6 6. Bg2 Nf6 7. O-O Be7 8. Re1
Bb7 9. e5 Nd7 10. Nf1 O-O 11. Bf4 d4 12. Qc1 Nb4 13. a3 Nd5 14. Bg5 Bxg5 15.
Nxg5 h6 16. Nf3 Qe7 17. N1d2 Rfc8 18. Ne4 c4 19. Nd6 cxd3 20. Nxb7 Rxc2 21. Qb1
Rac8 22. Nxd4 Rd2 23. Rd1 Rxd1+ 24. Qxd1 Nxe5 25. Qh5 Nc6 26. Bxd5 exd5 27.
Qxd5 Qxb7 28. Nxc6 Qxc6 29. Qxd3 Qc2 30. Qxc2 Rxc2 31. b4 Kf8 32. Re1 Rc3 33.
Re3 Rxe3 34. fxe3 Ke7 35. Kf2 Ke6 36. Ke2 Ke5 37. Kd3 b5 38. e4 h5 39. Ke3 g5
40. Kf3 Kd4 41. h3 f6 42. h4 a6 43. g4 hxg4+ 0-1

[Event "ONJK 2017 E"]
[Site "Borne"]
[Date "2017.08.08"]
[Round "2.3"]
[White "Cappan, Pjotr"]
[Black "De Heij, Mees"]
[Result "1-0"]
[WhiteElo "1389"]
[BlackElo "1099"]
[PlyCount "35"]
[EventDate "2017.08.??"]

1. e4 c5 2. c3 e5 3. Nf3 Nc6 4. Bc4 d6 5. d3 Be7 6. Nbd2 Nf6 7. O-O Bg4 8. h3
Bh5 9. Re1 O-O 10. Nf1 Qd7 11. Ng3 Bxf3 12. Qxf3 a6 13. Nf5 b5 14. Bb3 b4 15.
Ba4 Rfe8 {Diagram #} 16. Bh6 g6 17. Bxc6 Qxc6 18. Nxe7+ 1-0

[Event "ONJK 2017 E"]
[Site "Borne"]
[Date "2017.08.08"]
[Round "3.1"]
[White "Labruy re, Roger"]
[Black "He, Canzhou"]
[Result "0-1"]
[WhiteElo "1359"]
[BlackElo "1519"]
[PlyCount "70"]
[EventDate "2017.08.??"]

1. e4 c5 2. Nf3 d6 3. d4 cxd4 4. Nxd4 Nf6 5. Nc3 Nc6 6. Bb5 Bd7 7. Bxc6 bxc6 8.
f4 g6 9. h3 Bg7 10. e5 dxe5 11. fxe5 Nd5 12. Nxd5 cxd5 13. e6 fxe6 14. O-O e5
15. Nf3 O-O 16. Qxd5+ Kh8 17. Nxe5 Qb6+ 18. Kh2 Rxf1 19. Nf7+ Rxf7 20. Qxf7 Rf8
21. Qxe7 Qc7+ 22. Kg1 Re8 23. Qh4 Qxc2 24. Bg5 Qxb2 25. Rf1 Bc6 26. Qg4 Qd4+
27. Kh2 Qxg4 28. hxg4 Re2 29. Rd1 Be5+ 30. Kh3 Bxg2+ 31. Kh4 Bd5 32. Bh6 Bxa2
33. Rd8+ Bg8 34. Ra8 Ra2 35. Re8 Bg7 0-1

[Event "ONJK 2017 E"]
[Site "Borne"]
[Date "2017.08.08"]
[Round "3.2"]
[White "Pick, Max"]
[Black "Verheij, Dana"]
[Result "1-0"]
[WhiteElo "1462"]
[BlackElo "924"]
[PlyCount "115"]
[EventDate "2017.08.??"]

1. Nf3 d5 2. e3 Nf6 3. c4 e6 4. d4 Bb4+ 5. Bd2 Be7 6. Nc3 c5 7. dxc5 Bxc5 8.
cxd5 exd5 9. Bd3 Nc6 10. O-O O-O 11. Qc2 Bg4 12. Be2 Re8 13. Rfd1 Rc8 14. Rac1
Bb4 15. Ng5 Bxe2 16. Nxe2 Nd4 17. Qxc8 Nxe2+ 18. Kf1 Qxc8 19. Rxc8 Rxc8 20.
Bxb4 Nc1 21. Bd2 Nd3 22. Bc3 Nc5 23. Bxf6 gxf6 24. Nh3 Rd8 25. Nf4 Na4 26. Nxd5
Kg7 27. Nc3 Rxd1+ 28. Nxd1 Kg6 29. Ke2 Kf5 30. b3 Nb6 31. f3 Ke5 32. Nc3 f5 33.
f4+ Ke6 34. Kd3 Nd5 35. Nxd5 Kxd5 36. a3 b5 37. b4 a6 38. h3 h5 39. g3 f6 40.
h4 Kc6 41. e4 Kd6 42. Kd4 fxe4 43. Kxe4 Ke6 44. f5+ Kd6 45. Kf4 Kd5 46. g4 hxg4
47. Kxg4 Kd6 48. Kh5 Ke7 49. Kg6 Ke8 50. h5 Kf8 51. h6 Kg8 52. Kxf6 Kh7 53. Kg5
a5 54. a4 axb4 55. f6 Kg8 56. Kg6 b3 57. h7+ Kh8 58. f7 1-0

[Event "ONJK 2017 E"]
[Site "Borne"]
[Date "2017.08.08"]
[Round "3.3"]
[White "Zoet, Otto"]
[Black "Cappan, Pjotr"]
[Result "0-1"]
[WhiteElo "839"]
[BlackElo "1389"]
[PlyCount "116"]
[EventDate "2017.08.??"]

1. c4 e5 2. d3 Nf6 3. Nc3 Bb4 4. Bd2 Nc6 5. a3 Bxc3 6. Bxc3 d6 7. g3 Be6 8. Bg2
Qd7 9. Nf3 Ne7 10. O-O Ng6 11. d4 e4 12. Nd2 h5 13. h4 Rb8 14. Nxe4 Nxe4 15.
Bxe4 Bxc4 16. Bd3 Bd5 17. Kh2 Qg4 18. f3 Qd7 19. Bxg6 fxg6 20. Qd3 Bf7 21. Qe3+
Qe7 22. Qxe7+ Kxe7 23. Rae1 Bc4 24. Rg1 Rhf8 25. Kg2 Kd7 26. d5 Rf7 27. e4 Rbf8
28. Re3 Re8 29. Rc1 Bxd5 30. Ba5 Bc6 31. Rd1 Kc8 32. Rc3 Re5 33. b4 Ba4 34.
Rdc1 b6 35. Bxb6 axb6 36. Re3 d5 37. f4 Rxe4 38. Rd3 d4 39. Rc4 Bb5 40. Rdxd4
Re2+ 41. Kf1 Bxc4 42. Rxc4 Re3 43. Kf2 Rxa3 44. Kg2 Ra4 45. Kh3 c5 46. Rc1 Rxb4
47. f5 gxf5 48. Kh2 f4 49. gxf4 Rfxf4 50. Rc3 Rxh4+ 51. Rh3 Rxh3+ 52. Kxh3 g5
53. Kh2 Rg4 54. Kh3 c4 55. Kh2 c3 56. Kh3 c2 57. Kh2 c1=Q 58. Kh3 Qh1# 0-1

[Event "ONJK 2017 E"]
[Site "Borne"]
[Date "2017.08.08"]
[Round "4.1"]
[White "He, Canzhou"]
[Black "Pick, Max"]
[Result "1-0"]
[WhiteElo "1519"]
[BlackElo "1462"]
[PlyCount "75"]
[EventDate "2017.08.??"]

1. e4 c5 2. Nf3 Nc6 3. c3 Nf6 4. Bd3 d5 5. exd5 Qxd5 6. Be2 Bg4 7. d4 cxd4 8.
cxd4 e6 9. Nc3 Qd7 10. O-O Bd6 11. Bg5 Bxf3 12. Bxf3 Nxd4 13. Bxf6 gxf6 14.
Bxb7 Qxb7 15. Qxd4 Rg8 16. g3 Ke7 17. Rfd1 Be5 18. Qc5+ Ke8 19. Nb5 Rb8 20.
Nxa7 Rg5 21. Qc6+ Kf8 22. Rd8+ Kg7 23. Rd7 Qxc6 24. Nxc6 Bxb2 25. Rb1 Rb6 26.
Nd8 Rgb5 27. Nxf7 Kg6 28. Nd6 Rd5 29. Nc4 Rxd7 30. Nxb6 Rd2 31. Nc4 Bc3 32.
Nxd2 Bxd2 33. a4 e5 34. Rb5 Kf5 35. a5 Bxa5 36. Rxa5 Kg4 37. Kg2 e4 38. h3# 1-0

[Event "ONJK 2017 E"]
[Site "Borne"]
[Date "2017.08.08"]
[Round "4.2"]
[White "Cappan, Pjotr"]
[Black "Klaren, Oscar"]
[Result "1-0"]
[WhiteElo "1389"]
[BlackElo "1239"]
[PlyCount "109"]
[EventDate "2017.08.??"]

1. e4 c5 2. Nf3 d6 3. d4 cxd4 4. Nxd4 Nf6 5. Nc3 a6 6. Be3 Ng4 7. Qd2 Nxe3 8.
Qxe3 Nd7 9. f3 e6 10. O-O-O Be7 11. Kb1 O-O 12. g4 Qc7 13. h4 b5 14. h5 Bb7 15.
g5 Qc5 16. Qd2 Bxg5 17. Qg2 Bf6 18. Nb3 Qc7 19. Ne2 Rac8 20. Nec1 h6 21. Qd2
Ne5 22. f4 Nf3 23. Qd3 b4 24. Be2 Nh4 25. Rd2 a5 26. Nd4 Nf5 27. Nb5 Qc5 28.
Nb3 Qe3 29. Nxa5 Bxe4 30. Qxe3 Nxe3 31. Rc1 d5 32. Nd6 Rxc2 33. Rdxc2 Bxc2+ 34.
Rxc2 Nxc2 35. Kxc2 Ra8 36. Ndb7 Rc8+ 37. Kb3 e5 38. fxe5 Bxe5 39. Bf3 d4 40.
Nc4 d3 41. Nxe5 d2 42. Nc4 d1=Q+ 43. Bxd1 g5 44. hxg6 fxg6 45. Kxb4 h5 46. a4
h4 47. Bg4 Rf8 48. a5 Rf4 49. Be6+ Kh7 50. a6 Re4 51. a7 Rxe6 52. a8=Q h3 53.
Qd8 Re4 54. Qd7+ Kh6 55. Qxh3+ 1-0

[Event "ONJK 2017 E"]
[Site "Borne"]
[Date "2017.08.08"]
[Round "4.3"]
[White "Zoet, Otto"]
[Black "Labruy re, Roger"]
[Result "0-1"]
[WhiteElo "839"]
[BlackElo "1359"]
[PlyCount "108"]
[EventDate "2017.08.??"]

1. e4 c6 2. Nf3 d5 3. Qe2 dxe4 4. Qxe4 Nf6 5. Qe2 Bf5 6. d3 e6 7. g3 Qa5+ 8.
Bd2 Qb6 9. Bg2 Qxb2 10. Bc3 Bb4 11. O-O Bxc3 12. Nxc3 Qxc3 13. Rfb1 O-O 14. Qd1
Nbd7 15. Rb3 Qa5 16. Rab1 Nc5 17. R3b2 Na4 18. Rb4 Nc3 19. Qe1 Nxb1 20. Qxb1 b6
21. Ne5 Qxe5 22. Bxc6 Rac8 23. Bg2 Qc3 24. Rb2 Bxd3 25. cxd3 Qc1+ 26. Bf1 Qxb1
27. Rxb1 Rc2 28. a4 Ra2 29. Rc1 Rxa4 30. Bg2 Rd8 31. h3 g5 32. Bf1 a5 33. Rb1
Rb4 34. Ra1 a4 35. d4 Rdxd4 36. Kg2 b5 37. Ra2 Rb3 38. Ra1 a3 39. Bxb5 Rxb5 40.
Rxa3 Rd2 41. Rf3 Kg7 42. g4 Rbb2 43. Kg3 Ne4+ 44. Kh2 Rxf2+ 45. Rxf2 Rxf2+ 46.
Kg1 h5 47. Kh1 hxg4 48. hxg4 Kf6 49. Kg1 Ke5 50. Kh1 Kf4 51. Kg1 Kf3 52. Kh1
Ng3+ 53. Kg1 Rf1+ 54. Kh2 Rh1# 0-1

[Event "ONJK 2017 E"]
[Site "Borne"]
[Date "2017.08.09"]
[Round "5.1"]
[White "Cappan, Pjotr"]
[Black "He, Canzhou"]
[Result "1/2-1/2"]
[WhiteElo "1389"]
[BlackElo "1519"]
[PlyCount "45"]
[EventDate "2017.08.??"]

1. e4 e6 2. d4 d5 3. Nd2 Nf6 4. e5 Nfd7 5. f4 c5 6. c3 Nc6 7. Ndf3 cxd4 8. cxd4
Qb6 9. Ne2 Be7 10. g4 f6 11. Bg2 O-O 12. h4 fxe5 13. fxe5 Ndxe5 14. dxe5 Nxe5
15. Nfd4 Nxg4 16. Qb3 Bb4+ 17. Bd2 Bxd2+ 18. Kxd2 Qa5+ 19. Qc3 Qb6 20. Qb3 Qa5+
21. Qc3 Qb6 22. Qb3 Qa5+ 23. Qc3 1/2-1/2

[Event "ONJK 2017 E"]
[Site "Borne"]
[Date "2017.08.09"]
[Round "5.2"]
[White "Pick, Max"]
[Black "Hesse, Lucas"]
[Result "1-0"]
[WhiteElo "1462"]
[BlackElo "790"]
[PlyCount "132"]
[EventDate "2017.08.??"]

1. e4 e5 2. Nf3 d6 3. Bc4 Nd7 4. d3 c6 5. Be3 Be7 6. Nc3 Ngf6 7. O-O O-O 8. h3
Qc7 9. Qd2 Re8 10. Ng5 Rf8 11. f4 h6 12. fxe5 dxe5 13. Nxf7 Rxf7 14. Bxh6 gxh6
15. Qxh6 b5 16. Qg6+ Kh8 17. Bxf7 Nf8 18. Qh6+ N6h7 19. Bg6 Nxg6 20. Qxg6 Bc5+
21. Kh1 Bxh3 22. gxh3 Rg8 23. Rf7 Rxg6 24. Rxc7 Nf8 25. Rc8 Kg8 26. Rf1 Kg7 27.
Rc7+ Kh6 28. Rc8 Nh7 29. Ne2 Ng5 30. h4 Nh3 31. Rf7 Nf2+ 32. Kh2 Ng4+ 33. Kh1
Nf2+ 34. Rxf2 Bxf2 35. Rh8+ Kg7 36. h5 Kxh8 37. hxg6 Kg7 38. Kg2 Bb6 39. Kf3
Kxg6 40. Kg4 b4 41. b3 c5 42. Ng3 a6 43. Nf5 Bd8 44. Nd6 Be7 45. Nb7 Bf8 46.
Na5 Be7 47. Nc4 Bf6 48. Nb6 Be7 49. Na4 Bd6 50. Nb2 Bc7 51. Nc4 Bb8 52. Ne3 Ba7
53. Nd5 Bb8 54. c3 bxc3 55. Nxc3 Bd6 56. Nd5 Bf8 57. a3 a5 58. Nb6 Be7 59. a4
Bd8 60. Nd7 Bc7 61. Nxc5 Bb6 62. Na6 Bd8 63. Nb8 Bb6 64. Nc6 Bc7 65. d4 exd4
66. Nxd4 Kf6 1-0

[Event "ONJK 2017 E"]
[Site "Borne"]
[Date "2017.08.09"]
[Round "5.3"]
[White "Labruy re, Roger"]
[Black "Verheij, Dana"]
[Result "1-0"]
[WhiteElo "1359"]
[BlackElo "924"]
[PlyCount "73"]
[EventDate "2017.08.??"]

1. e4 c5 2. Nf3 Nc6 3. d4 cxd4 4. Nxd4 Nf6 5. Nc3 d6 6. Bg5 e6 7. Qd2 Be7 8.
O-O-O O-O 9. Nxc6 bxc6 10. Bxf6 Bxf6 11. Qxd6 Qxd6 12. Rxd6 Bxc3 13. bxc3 Bb7
14. Rd7 Rab8 15. Bc4 Rfd8 16. Rhd1 Rxd7 17. Rxd7 c5 18. f3 Kf8 19. Rc7 Ke8 20.
Bb5+ Kf8 21. Rxc5 Ke7 22. Rc7+ Kf8 23. Bc6 Bxc6 24. Rxc6 Rb7 25. a4 Ke7 26. Rc4
Kd6 27. Rb4 Rc7 28. Kb2 f6 29. f4 Rd7 30. Rd4+ Kc6 31. Rxd7 Kxd7 32. Kb3 Kc6
33. Kc4 a5 34. h3 h6 35. f5 e5 36. g4 g5 37. fxg6 1-0

[Event "ONJK 2017 E"]
[Site "Borne"]
[Date "2017.08.09"]
[Round "6.1"]
[White "Pick, Max"]
[Black "Cappan, Pjotr"]
[Result "0-1"]
[WhiteElo "1462"]
[BlackElo "1389"]
[PlyCount "74"]
[EventDate "2017.08.??"]

1. e4 e5 2. Nf3 Nc6 3. Bc4 Bc5 4. d3 d6 5. Nc3 h6 6. O-O Bg4 7. h3 Bh5 8. Be3
Bb6 9. Nd5 Nf6 10. Bxb6 axb6 11. c3 Ne7 12. Nxf6+ gxf6 13. d4 Rg8 14. Qd3 Qd7
15. Kh2 Ng6 16. g3 O-O-O 17. a4 Ne7 18. a5 b5 19. Bxb5 c6 20. c4 cxb5 21. cxb5
Bxf3 22. Qxf3 Qxb5 23. Qxf6 Nc6 24. d5 Nd4 25. Rfc1+ Kb8 26. Ra2 Qb3 27. Ra3
Qxb2 28. Rac3 Ne2 29. R3c2 Qa3 30. Rb1 Qd3 31. Qxf7 Qa6 32. Rc7 b5 33. axb6
Rdf8 34. Qd7 Rxf2+ 35. Kh1 Nxg3+ 36. Kg1 Rf1+ 37. Kg2 Qe2# 0-1

[Event "ONJK 2017 E"]
[Site "Borne"]
[Date "2017.08.09"]
[Round "6.2"]
[White "He, Canzhou"]
[Black "Van Egmond, Tom"]
[Result "1-0"]
[WhiteElo "1519"]
[BlackElo "872"]
[PlyCount "35"]
[EventDate "2017.08.??"]

1. e4 c5 2. Nf3 Nc6 3. d4 cxd4 4. Nxd4 e5 5. Nb5 Nf6 6. N1c3 Bb4 7. a3 Bc5 8.
Bg5 h6 9. Bxf6 Qxf6 10. Qd2 O-O 11. Bc4 Nd4 12. Nxd4 Bxd4 13. Nd5 Qh4 14. O-O
Qxe4 15. Ne7+ Kh8 16. Qb4 Re8 17. Bxf7 Rxe7 18. Qxe7 1-0

[Event "ONJK 2017 E"]
[Site "Borne"]
[Date "2017.08.09"]
[Round "6.3"]
[White "Labruy re, Roger"]
[Black "Chen, Jiaqi"]
[Result "0-1"]
[WhiteElo "1359"]
[BlackElo "1323"]
[PlyCount "60"]
[EventDate "2017.08.??"]

1. e4 e5 2. Nf3 Nc6 3. Bb5 d6 4. d4 Bg4 5. d5 a6 6. Ba4 b5 7. dxc6 bxa4 8. h3
Be6 9. c3 Nf6 10. Qxa4 Be7 11. Ng5 O-O 12. Nxe6 fxe6 13. Qb3 d5 14. f4 exf4 15.
e5 Ne4 16. O-O Bc5+ 17. Kh2 Qg5 18. c4 Qxe5 19. Qf3 Ng3 20. Rd1 Ne4 21. Re1 Bf2
22. Qxf2 f3+ 23. Kg1 fxg2 24. Qxg2 Rf6 25. Kh1 Ng3+ 26. Kh2 Qxe1 27. Bd2 Qe5
28. Bc3 Nf1+ 29. Kg1 Qe3+ 30. Kh1 Ng3+ 0-1

[Event "ONJK 2017 E"]
[Site "Borne"]
[Date "2017.08.09"]
[Round "7.1"]
[White "Chen, Jiaqi"]
[Black "He, Canzhou"]
[Result "0-1"]
[WhiteElo "1323"]
[BlackElo "1519"]
[PlyCount "56"]
[EventDate "2017.08.??"]

1. e4 c5 2. Nf3 d6 3. d4 cxd4 4. Nxd4 Nf6 5. Nc3 Nc6 6. Bb5 Bd7 7. Be3 Ng4 8.
Bxc6 bxc6 9. Nxc6 Nxe3 10. Nxd8 Nxd1 11. Rxd1 Rxd8 12. O-O g6 13. Nd5 Rc8 14.
c3 Bg7 15. f4 Bc6 16. f5 Bxd5 17. Rxd5 O-O 18. Re1 Rb8 19. b4 Bxc3 20. a3 Bxe1
21. e5 dxe5 22. Rxe5 Bh4 23. fxg6 fxg6 24. Re4 Rbc8 25. g3 Bg5 26. Kg2 Rc2+ 27.
Kh3 h5 28. g4 Rf3# 0-1

[Event "ONJK 2017 E"]
[Site "Borne"]
[Date "2017.08.09"]
[Round "7.2"]
[White "Cappan, Pjotr"]
[Black "Labruy re, Roger"]
[Result "1/2-1/2"]
[WhiteElo "1389"]
[BlackElo "1359"]
[PlyCount "80"]
[EventDate "2017.08.??"]

1. e4 c6 2. d4 d5 3. Nc3 dxe4 4. Nxe4 Bf5 5. Ng3 Bg6 6. Nf3 Nd7 7. h4 h6 8. h5
Bh7 9. Bd3 Bxd3 10. Qxd3 Ngf6 11. Bd2 Qb6 12. O-O-O O-O-O 13. Qe2 e6 14. Qe1
Qa6 15. Kb1 Bd6 16. Ne4 Nxe4 17. Qxe4 Nf6 18. Qe1 Bc7 19. Bc3 Nd5 20. Ne5 Nxc3+
21. Qxc3 Bxe5 22. dxe5 Rxd1+ 23. Rxd1 Qe2 24. Qd3 Qxd3 25. Rxd3 Rd8 26. Rxd8+
Kxd8 27. c3 Ke7 28. Kc2 f6 29. f4 fxe5 30. fxe5 Kf7 31. Kd3 g6 32. g4 g5 33. b4
b6 34. a4 Ke7 35. Kc4 Kd7 36. a5 Kc7 37. a6 Kb8 38. b5 c5 39. Kd3 Kc7 40. Ke4
Kd7 1/2-1/2

[Event "ONJK 2017 E"]
[Site "Borne"]
[Date "2017.08.09"]
[Round "7.3"]
[White "Basa, Manasvita"]
[Black "Pick, Max"]
[Result "1-0"]
[WhiteElo "1216"]
[BlackElo "1462"]
[PlyCount "77"]
[EventDate "2017.08.??"]

1. e4 Nf6 2. Nc3 c6 3. d4 d5 4. e5 Nfd7 5. f4 e6 6. Nf3 Bb4 7. Bd2 b6 8. a3
Bxc3 9. Bxc3 Ba6 10. Bxa6 Nxa6 11. O-O O-O 12. Qd3 Nc7 13. Nd2 c5 14. Qg3 Nb5
15. Nb3 cxd4 16. Bxd4 Nxd4 17. Nxd4 Nc5 18. Rad1 Ne4 19. Qg4 Rc8 20. c3 Qe7 21.
Rf3 Qc5 22. Rdf1 g6 23. Re3 Rce8 24. b4 Qc4 25. Nb5 Qxb5 26. Rh3 Nd2 27. Rd1
Ne4 28. Qh4 h5 29. Re1 Rc8 30. Ree3 Rc4 31. g4 Rfc8 32. gxh5 Rxc3 33. Rxc3 Rxc3
34. Qd8+ Kg7 35. Rxc3 Nxc3 36. h6+ Kh7 37. Qf8 Ne2+ 38. Kf2 Nxf4 39. Qg7# 1-0

[Event "ONJK 2017 E"]
[Site "Borne"]
[Date "2017.08.10"]
[Round "8.1"]
[White "He, Canzhou"]
[Black "Basa, Manasvita"]
[Result "1-0"]
[WhiteElo "1519"]
[BlackElo "1216"]
[PlyCount "65"]
[EventDate "2017.08.??"]

1. e4 e5 2. Nf3 Nc6 3. Bc4 Bc5 4. c3 d6 5. d4 Bb6 6. a4 a5 7. dxe5 dxe5 8.
Qxd8+ Kxd8 9. Ng5 Nh6 10. O-O Ke7 11. Na3 f6 12. Nf3 Nf7 13. Nc2 Nd6 14. Bd5
Be6 15. Be3 f5 16. Bxc6 bxc6 17. Nxe5 Nxe4 18. Nxc6+ Kf6 19. Bxb6 cxb6 20. N6d4
Rhe8 21. Rad1 Rac8 22. Nxe6 Rxe6 23. Ne3 Nc5 24. Rd4 Re5 25. Nd5+ Kf7 26. Nxb6
Rce8 27. Nc4 Re2 28. Nd6+ Kf8 29. Nxe8 Kxe8 30. Rd5 Nb3 31. Rxf5 Nd2 32. Rd1
Nc4 33. b3 1-0

[Event "ONJK 2017 E"]
[Site "Borne"]
[Date "2017.08.10"]
[Round "8.2"]
[White "Verheij, Dana"]
[Black "Cappan, Pjotr"]
[Result "0-1"]
[WhiteElo "924"]
[BlackElo "1389"]
[PlyCount "96"]
[EventDate "2017.08.??"]

1. e4 e5 2. Nf3 Nc6 3. Bc4 Bc5 4. c3 Nf6 5. d4 exd4 6. cxd4 Bb4+ 7. Bd2 Bxd2+
8. Nbxd2 d5 9. exd5 Nxd5 10. O-O O-O 11. Qb3 Na5 12. Qb5 c6 13. Qc5 Nxc4 14.
Nxc4 Bd7 15. Nce5 Be6 16. Rac1 Nf6 17. Qc3 Nd5 18. Qc2 Nb4 19. Qd1 Nxa2 20. Rc5
Nb4 21. Nd3 Nxd3 22. Qxd3 Qf6 23. Rg5 Bd5 24. Rg3 Bxf3 25. Rxf3 Qg6 26. Qd2
Rfe8 27. Rc1 Re7 28. Rcc3 Rae8 29. h3 Qd6 30. Rg3 Re1+ 31. Kh2 h5 32. Qg5 g6
33. Qxh5 Rc1 34. Rxc1 Qxg3+ 35. Kxg3 gxh5 36. Rc5 Re2 37. Rxh5 Rxb2 38. Rg5+
Kh7 39. f4 Rd2 40. Re5 Kg7 41. Re7 Rb2 42. Kf3 a5 43. g4 a4 44. Re8 Rb6 45. Re3
Rb3 46. Ke2 Rxe3+ 47. Kxe3 a3 48. Kd2 a2 0-1

[Event "ONJK 2017 E"]
[Site "Borne"]
[Date "2017.08.10"]
[Round "8.3"]
[White "Labruy re, Roger"]
[Black "Klaren, Oscar"]
[Result "0-1"]
[WhiteElo "1359"]
[BlackElo "1239"]
[PlyCount "110"]
[EventDate "2017.08.??"]

1. e4 c5 2. Nf3 d6 3. d4 cxd4 4. Nxd4 Nf6 5. Nc3 a6 6. Bc4 e6 7. Be3 Nbd7 8.
Qd2 Ne5 9. Bb3 Be7 10. h3 O-O 11. f4 Ng6 12. O-O-O b5 13. a3 Bb7 14. f5 exf5
15. exf5 Ne5 16. Rhg1 Rc8 17. g4 Nc4 18. Bxc4 Rxc4 19. g5 Ne4 20. Nxe4 Bxe4 21.
f6 Bxf6 22. gxf6 Qxf6 23. Bg5 Qe5 24. Rge1 Rxd4 25. Qxd4 Qxg5+ 26. Kb1 Bg6 27.
h4 Qf5 28. Qxd6 Qxc2+ 29. Ka1 Qc8 30. Qd7 Qxd7 31. Rxd7 f5 32. Ree7 Bf7 33. Kb1
f4 34. Kc2 f3 35. Re1 f2 36. Rf1 Bc4 37. Rdd1 Bxf1 38. Rxf1 Rf4 39. Kd3 Kf7 40.
h5 Kf6 41. Ke3 Rf5 42. Ke4 Kg5 43. b4 Rf6 44. h6 Kxh6 45. Ke3 Kg5 46. Ke2 h5
47. Ke3 Kg4 48. Rxf2 Rxf2 49. Kxf2 g5 50. Kg1 h4 51. Kh1 Kf3 52. Kg1 g4 53. Kh1
g3 54. Kg1 h3 55. a4 h2+ 0-1

[Event "ONJK 2017 E"]
[Site "Borne"]
[Date "2017.08.11"]
[Round "9.1"]
[White "Klaren, Oscar"]
[Black "He, Canzhou"]
[Result "0-1"]
[WhiteElo "1239"]
[BlackElo "1519"]
[PlyCount "48"]
[EventDate "2017.08.??"]

1. d4 Nf6 2. c4 e6 3. a3 d5 4. Nc3 dxc4 5. e4 Nbd7 6. Bxc4 Nb6 7. Ba2 c5 8. d5
exd5 9. exd5 Bd6 10. Bg5 O-O 11. Nge2 Be7 12. Bxf6 Bxf6 13. O-O Bg4 14. f3 Bf5
15. Qd2 c4 16. Rad1 Bd3 17. Rfe1 Nxd5 18. Nxd5 Qxd5 19. Qxd3 Qxd3 20. Rxd3 cxd3
21. Nf4 d2 22. Rd1 Bxb2 23. Rxd2 Bc1 24. Rd4 Be3+ 0-1

[Event "ONJK 2017 E"]
[Site "Borne"]
[Date "2017.08.11"]
[Round "9.2"]
[White "Cappan, Pjotr"]
[Black "Van Egmond, Tom"]
[Result "0-1"]
[WhiteElo "1389"]
[BlackElo "872"]
[PlyCount "136"]
[EventDate "2017.08.??"]

1. e4 c5 2. Nf3 Nc6 3. c3 d5 4. exd5 Qxd5 5. d4 Bg4 6. c4 Qe4+ 7. Be3 Nxd4 8.
Nbd2 Bxf3 9. Nxe4 Bxd1 10. Bxd4 cxd4 11. Rxd1 e5 12. a3 Nf6 13. Bd3 Rd8 14. O-O
Be7 15. Nxf6+ Bxf6 16. f4 O-O 17. fxe5 Bxe5 18. Rde1 Rfe8 19. Be4 d3 20. b4 d2
21. Rd1 Bd4+ 22. Kh1 Rxe4 23. Rxd2 Rde8 24. Rdd1 h6 25. g3 Bb2 26. Rd7 f6 27.
Rf5 Rxc4 28. Rfd5 Kh7 29. Rxb7 Rc2 30. Rd1 Ree2 31. Rxa7 Rxh2+ 32. Kg1 Rhd2 33.
Rxd2 Rxd2 34. Ra8 Rd3 35. a4 Rd4 36. b5 Rb4 37. Kf2 Kg6 38. Ke2 Kf5 39. Ra7 g5
40. Ra6 Bd4 41. Kd3 h5 42. a5 h4 43. gxh4 gxh4 44. b6 Be5 45. Ra8 h3 46. Rh8 h2
47. a6 Rxb6 48. a7 Ra6 49. Ke2 Rxa7 50. Kf2 Ra2+ 51. Kf1 Ke4 52. Rh5 f5 53. Rh3
f4 54. Rh4 Ke3 55. Rh5 h1=Q+ 56. Rxh1 Ra1+ 57. Kg2 Rxh1 58. Kxh1 Ke2 59. Kh2
f3+ 60. Kh3 f2 61. Kg4 f1=Q 62. Kg5 Qf4+ 63. Kg6 Bb8 64. Kg7 Qf5 65. Kh6 Qg4
66. Kh7 Qg5 67. Kh8 Be5+ 68. Kh7 Qg7# 0-1

[Event "ONJK 2017 E"]
[Site "Borne"]
[Date "2017.08.11"]
[Round "9.3"]
[White "Pick, Max"]
[Black "Chen, Jiaqi"]
[Result "1-0"]
[WhiteElo "1462"]
[BlackElo "1323"]
[PlyCount "87"]
[EventDate "2017.08.??"]

1. Nf3 Nc6 2. d4 d5 3. g3 Nf6 4. Bg2 Bf5 5. O-O Nb4 6. Na3 e6 7. Bf4 Bd6 8.
Bxd6 cxd6 9. c3 Nc6 10. Qd2 O-O 11. Nh4 Be4 12. f3 Bg6 13. Nxg6 fxg6 14. e4 Ne7
15. Rae1 Re8 16. Re2 Qb6 17. Rfe1 e5 18. Kh1 Nc6 19. exd5 Nxd5 20. dxe5 Nce7
21. exd6 Qxd6 22. c4 Red8 23. f4 Rd7 24. Bxd5+ Nxd5 25. cxd5 Rad8 26. Nc4 Qc5
27. Qc3 Qxd5+ 28. Kg1 Rc7 29. Re8+ Rxe8 30. Rxe8+ Kf7 31. Ne5+ Kxe8 32. Qxc7
Qd4+ 33. Kg2 Qe4+ 34. Kf2 Qd4+ 35. Ke2 Qe4+ 36. Kd2 Qd4+ 37. Kc2 Qe4+ 38. Kb3
Qd5+ 39. Qc4 Qd1+ 40. Ka3 Qd6+ 41. b4 a5 42. Qb5+ Ke7 43. Qxb7+ Ke6 44. Qf7#
1-0

[Event "ONJK 2017 E"]
[Site "Borne"]
[Date "2017.08.11"]
[Round "10.1"]
[White "Verheij, Dana"]
[Black "He, Canzhou"]
[Result "0-1"]
[WhiteElo "924"]
[BlackElo "1519"]
[PlyCount "20"]
[EventDate "2017.08.??"]

1. e4 c5 2. Nf3 d6 3. d4 cxd4 4. Nxd4 Nf6 5. Nc3 Nc6 6. Be3 Ng4 7. Bg5 Qb6 8.
Bb5 a6 9. Bxc6+ bxc6 10. Nb3 Qxf2# 0-1